000 01142cam a2200313 a 4500
001 17358518
005 20170105102853.0
008 120622s2013 enk b 001 0 eng
010 _a 2012025429
020 _a9780415625265 (hardback)
020 _a9780203079980 (ebook)
040 _aDLC
_cDLC
_dDLC
043 _aas-----
050 0 0 _aBP63.A38
_bC85 2013
082 0 0 _a303.6095
_223
245 0 0 _aCulture, religion and conflict in Muslim Southeast Asia :
_bnegotiating tense pluralisms /
_cedited by Joseph Camilleri and Sven Schottmann.
260 _aLondon ;
_aNew York :
_bRoutledge,
_c2013.
300 _axvi, 196 p. ;
_c24 cm.
490 0 _aRoutledge contemporary southeast Asia series ;
_v56
504 _aIncludes bibliographical references and index.
650 0 _aIslam
_zSoutheast Asia.
650 0 _aMuslims
_zSoutheast Asia.
651 0 _aSoutheast Asia
_xEthnic relations.
700 1 _aCamilleri, Joseph A.,
_d1944-
700 1 _aSchottmann, Sven.
906 _a7
_bcbc
_corignew
_d1
_eecip
_f20
_gy-gencatlg
942 _2ddc
_cBK
999 _c14345
_d14345